000 00314nam a2200145Ia 4500
005 20251222154328.0
008 251222s9999||||xx |||||||||||||| ||spa||
020 _a8428204055
082 _a577/M26
100 _aMargalef, Ramón
245 0 _aEcología
250 _a1ra.ed.
264 _bOmega
942 _cLIB
999 _c34041
_d34041